[Event "E Women's World Championship"]
[Site "FIDE"]
[Date "2020.01.05"]
[Round "1.1"]
[White "Goryachkina, Aleksandra"]
[Black "Ju, Wenjun"]
[Result "1/2-1/2"]
[WhiteElo "2578"]
[BlackElo "2584"]
[EventDate "2020.??.??"]
[Annotator "Bojkov,Dejan"]
[PlyCount "193"]
[Beauty "3642937589765"]
[EventType "match"]
[EventRounds "3"]
[EventCountry "FID"]

1.d4 Nf6 2.c4 e6 3.Nf3 d5 4.Nc3 Be7 5.g3 O-O 6.Bg2 {Solid openings are the cornerstones of a match strategy. The white player wants to win, but ideally without any risk.} 6...dxc4 7.Ne5 c5 8.dxc5 Qxd1+ 9.Nxd1 Bxc5 10.O-O Nc6 11.Bxc6 bxc6 12.Be3 Bb6 13.Bxb6 axb6 14.Nxc6 $146 {The first novelty in the match is a product of the Russian contender.} ( {Both players no doubt knew the predecessor from this year:} 14.Nc3 Bd7 15.Rfd1 Ra7 16.Rd6 Rc8 17.Nxc4 {It seems as White got a stable advantage but Dominguez cleverly traded the queenside pawns with} 17...Be8 18.Nxb6 Rb8 19.Nc4 Rb4 20.b3 Rxb3 $1 {Ponomariov,R (2648)-Dominguez Perez,L (2762) Budva 2019} ) 14...Bb7 15.Nb4 Nd5 16.Nxd5 Bxd5 17.Nc3 Bc6 18.Rfd1 {Apparently, this was the position that Goryachkina was heading for. She can now torture her opponent as much as she likes as the knight can go practically anywhere and the black bishop does not seem to be as effective.} 18...Rfd8 19.f3 {Limiting the bishop. Next, both players bring their kings into the game.} 19...Kf8 20.Kf2 Ke7 21.Rxd8 Rxd8 22.Ke3 e5 23.Rd1 {A cardinal question. Should Ju trade the last major piece?} ( {White did not have any other ways of bringing the rook out. If} 23.Rb1 b5 {would be the answer when the first player cannot open files:} 24.b3 $2 b4 ) 23...Ra8 {The world champion voted to postpone the trade. She hopes she can use the rook later in case that the queenside gets open.} ( {However} 23...Rxd1 24.Nxd1 Kd6 {might have been better from a practical point of view. With the king on c5 Black does not risk anything neither.} ) 24.a3 Ke6 25.Na2 Ba4 26.Rd2 f6 27.Kf2 {Grabbing some more space.} 27...Bc6 28.e4 g6 29.Ke3 f5 {Ju opens her bishop at once.} ( {She might have disliked the alternative break by her opponent:} 29...b5 30.f4 ) 30.exf5+ ( 30.Nc3 {would be answered with} 30...Rb8 {intending the b-pawn advance.} ) 30...gxf5 31.f4 {Fixing some good squares for the knight.} 31...h5 {In return Black wants to get rid of her isolated pawn.} 32.fxe5 Kxe5 33.Rd4 b5 34.Nc3 {So far both sides made progress. However, Goryachkina used less efforts on her side, whereas Ju somewhat risked. Black is happy to prolong the scope of her bishop, but will be not so much amused by her kingside pawn structure. Plus, energetic play pays its toll and the Chinese GM was lower on time in a situation when a sit-and-wait policy might not be best.} 34...Ra7 {A semi-waiting, useful move.} ( {However, it might have been easier to give a boost to the b-pawn now that the white knight is away from the b4 square with} 34...Rb8 {Then, if White tries to hit the kingside pawns with} 35.Ne2 {Black has} 35...Be4 36.Nf4 b4 37.Rxc4 bxa3 38.bxa3 Rb3+ 39.Kd2 Rxa3 40.Nxh5 Ra2+ {with a draw.} ) 35.Ne2 ( {Black is not afraid of} 35.Rh4 Rd7 ) 35...Be8 $2 {This is not optimal.} ( {Here too, the queenside counterplay was possible with} 35...Be4 $1 36.Nf4 c3 $1 37.bxc3 Rxa3 {The rook is in fact equally good on the a- and the b-files.} ) 36.Rd8 $1 {Goryachkina senses her chance.} 36...Re7 $1 {Ju quickly orientates in the situation and oranizes active defense.} 37.Nf4 Kf6+ 38.Kd2 ( {After} 38.Kf2 {Black would have most likely returned in the center:} 38...Ke5 ) 38...Re5 39.Nd5+ Kf7 40.Rd6 {White needs just one more move and all the weak black pawns will drop.} 40...Bc6 $1 {But the world champion remains calm and defends perfectly.} 41.Nf4 ( {The rook endgame does not provide any winning chances to the first player:} 41.Rxc6 Rxd5+ 42.Kc3 Rd3+ 43.Kc2 h4 $1 44.gxh4 Rh3 ) 41...Bf3 42.h4 ( {Perhaps White should have tried the same old calm-improve strategy with} 42.Rh6 Bg4 43.h3 ( {Nothing yields} 43.Rh7+ Kf6 ) ( {Nor} 43.Nxh5 $4 Re2+ 44.Kc3 Rxh2 ) 43...Bf3 44.h4 Bg4 45.Ra6 Bf3 {Then she can attack the queenside pawns with} 46.a4 bxa4 47.Rxa4 {Hoping to win the c4 pawn thanks to her active king. Still, it seems Black can survive here with} 47...Rb5 48.Kc1 ( 48.Kc2 Be4+ ) 48...Rc5 49.Ra3 Bg4 50.Kd2 Rb5 51.Kc3 Kf6 52.Ra4 Rb3+ {but in any case, defending this is not pleasant at all, as White can choose a later moment to open up the queenside.} ) 42...Bg4 43.Rd5 Kf6 44.Rxe5 {The pure light-piece endgame is Goryachkina's last try.} ( 44.Rd7 $5 {could have switched back to the complex lines we already analyzed.} ) 44...Kxe5 45.Ke3 Bd1 46.Ng6+ Kf6 47.Nf8 Ke5 48.Nd7+ Ke6 49.Nb8 {The knight does what it wants, but can White really make progress?} 49...Kd5 50.Na6 ( {With a strong king and bishop, experiments like} 50.Kf4 $4 Kd4 {are strictly forbidden.} ) 50...Ke5 51.Nb4 Bg4 52.Nc2 Bd1 53.Nd4 Ba4 54.Ne2 Bd1 55.Nd4 Ba4 56.Nc6+ Kd6 57.Nd8 Ke5 58.Nf7+ Ke6 59.Ng5+ Ke5 60.Nh3 Bd1 61.Nf4 Bg4 62.Ng2 Bd1 63.Ne1 Bg4 64.Nc2 Bd1 65.Nb4 Ba4 66.Na2 Bb3 67.Nc3 Ba4 68.Kf3 $1 {Goryachkina maneuvered for long for three major reasons: 1) She showed her opponent who is in the driver's seat and frustrated her. 2) She drained the time from her opponent's clock. 3) Last, but not least, she gave a false sense of invincibility to Black. With her last move she starts a triangulation maneuver.} ( {Note that it is only Black who can win the pawn race after} 68.Nxa4 $2 bxa4 69.Kf3 Kd4 70.Kf4 Kd3 71.Kxf5 Kc2 72.g4 hxg4 73.Kxg4 Kxb2 74.h5 c3 75.h6 c2 76.h7 c1=Q 77.h8=Q+ Kxa3 ) 68...Kd4 69.Ke2 ( {Once again} 69.Kf4 $2 Kd3 70.Kxf5 Kc2 71.g4 hxg4 72.Kxg4 Kxb2 {transposes to the favorable line for Black from above.} ) 69...Kc5 $1 {Ju is aware of the danger.} ( 69...Ke5 $2 70.Ke3 {would be the same position but with Black to move and this is losing zugzwang for Black!} ) 70.Ke3 Bc2 71.Ne2 Bd1 {One more careful move.} ( {Wrong was} 71...b4 72.Nd4 Bd1 ( {Or} 72...Bd3 73.Ne6+ Kd6 74.Nf4 ) 73.Nxf5 {and Black is in trouble.} ) 72.Nd4 Bg4 73.Nc2 Bd1 74.Nb4 Bg4 75.Na2 Bd1 {Black is solid and she proved her position is good enough after a couple of dozens of more moves.} 76.Kd2 Bf3 77.Nc3 Bc6 78.Ke3 Bd7 79.Ne2 b4 $1 {Opens the road for the king. It is a clear draw now.} 80.axb4+ Kxb4 81.Kd2 Bc6 82.Nf4 Bf3 83.Ne6 Bg4 84.Kc2 Bf3 85.Nd4 Bg4 86.Kd2 Kc5 87.Ke3 Kd5 88.Nb5 Kc5 89.Nc3 Kb4 90.Kd4 Kb3 91.Nd5 Be2 92.Ne3 Bd3 ( {Of course not:} 92...Kxb2 93.Nxc4+ Bxc4 $4 94.Kxc4 Kc2 95.Kd4 Kd2 96.Ke5 Ke3 97.Kxf5 Kf3 98.Kg5 Kxg3 99.Kxh5 Kf4 100.Kg6 ) 93.Kc5 Be2 ( {Here} 93...Kxb2 94.Nxc4+ Kc3 {was already a draw, but there is no need to ruin something that works well.} ) 94.Kd5 Bd3 95.Kd4 Be2 96.Kc5 Bd3 97.Kd4 1/2-1/2

[Event "E Women's World Championship"]
[Site "FIDE"]
[Date "2020.01.09"]
[Round "4.1"]
[White "Ju, Wenjun"]
[Black "Goryachkina, Aleksandra"]
[Result "1-0"]
[WhiteElo "2584"]
[BlackElo "2578"]
[EventDate "2020.??.??"]
[Annotator "Bojkov,Dejan"]
[PlyCount "37"]
[Beauty "8251034828806"]
[EventType "match"]
[EventRounds "3"]
[EventCountry "FID"]

1.d4 d5 2.c4 c6 3.Nf3 Nf6 4.Nc3 dxc4 5.a4 e6 6.e3 c5 7.Bxc4 cxd4 8.exd4 Nc6 9.O-O Be7 10.d5 {Ju immediately gets rid of the isolated pawn. Her game plan is apparently very similar to the match approach of her opponent so far- small advantage, no risk at all.} ( {Another way to play the position is:} 10.Bf4 O-O 11.h3 Nb4 12.Re1 Bd7 13.d5 exd5 14.Bxd5 Nbxd5 15.Nxd5 Nxd5 16.Qxd5 b6 17.Bc7 Qxc7 18.Rxe7 Bc6 19.Qe5 Qxe5 20.Nxe5 Bd5 {as in Giri,A (2780)-Duda,J (2730) chess.com INT 2019} ) 10...exd5 11.Nxd5 Nxd5 12.Bxd5 O-O 13.Be3 Bf5 14.Qb3 {White has slight initiative as she can occupy first the open files but this advantage will quickly evaporate if Goryachkina is given one tempo.} 14...Nb4 15.Rfd1 Qa5 16.Ne5 Nxd5 17.Rxd5 Qa6 18.Nd7 Be6 19.Nxf8 1-0

[Event "E Women's World Championship"]
[Site "FIDE"]
[Date "2020.01.23"]
[Round "12.1"]
[White "Goryachkina, Aleksandra"]
[Black "Ju, Wenjun"]
[Result "1-0"]
[WhiteElo "2578"]
[BlackElo "2584"]
[EventDate "2020.??.??"]
[Annotator "Bojkov,Dejan"]
[PlyCount "119"]
[Beauty "6396280047626"]
[EventType "match"]
[EventRounds "3"]
[EventCountry "FID"]

1.d4 d5 2.Nc3 {In a must-win situation Goryachkina finds a way to surprise her mighty opponent as early as on move two!} 2...Nf6 3.Bf4 e6 4.Nb5 {A specialty of the creative grandmasters Jobava and Rapport. The knight is forced on the rim.} 4...Na6 5.e3 Bb4+ {Alternatively Ju forces the c2-c3 move which will cut the way back of the white knight.} 6.c3 Be7 7.a4 O-O 8.Bd3 c6 9.Na3 c5 {Active play.} ( {The alternative was to de-centralize the knight with:} 9...Nb8 $5 {followed by Nb8-d7, b7-b6 and Bc8-b7 keeping the enemy knight on a3 workless.} ) 10.Nf3 {This turned out to be a novelty.} ( {Instead:} 10.Nb5 Ne4 11.Nf3 Bd7 12.Ne5 Bxb5 13.axb5 Nc7 14.O-O {was a bit better for White in Bortnyk,O (2566)-Fingerov,D (2319) Kishinev 2017} ) 10...Ne4 {Grabbing even more space.} ( {The other way to play it was:} 10...Nh5 11.Be5 g6 ( {But not:} 11...f6 12.Ng5 $1 {with strong attack for White.} ) ) 11.h3 f5 12.Nb5 {Goryachkina also hurries to bring her knight back into the game.} ( {However, more accurate seems:} 12.O-O $5 {In order to meet:} 12...c4 13.Bxe4 fxe4 14.Ne5 Nb8 {with quick central play after:} 15.f3 ) 12...c4 13.Bxe4 fxe4 14.Ne5 ( {After:} 14.Nd2 {Black can still play:} 14...Nb8 {As:} 15.Nc7 $2 {does not work due to:} 15...Rxf4 $1 ) 14...Nb8 $1 {Once that this knight comes back into the game Black is more or less OK.} 15.O-O a6 {Once more forcing the knight back.} 16.Na3 Nd7 ( 16...Nc6 $5 ) 17.Nc2 Qe8 18.f3 {There is nothing else that White can do. Goryachkina needs to open the center while the black light-squared bishop is still idle.} 18...Nxe5 19.Bxe5 Bd7 {Obvious and good.} ( {However, simpler looked:} 19...exf3 20.Rxf3 Rxf3 21.Qxf3 Qg6 {with less pieces on the board and easier equality as in the game.} ) 20.Ne1 ( {Against:} 20.fxe4 {Ju planned:} 20...Rxf1+ 21.Qxf1 Bxa4 22.Qe2 Bxc2 23.Qxc2 Qg6 {when Black has nothing to worry about.} ) 20...Qh5 {It is pretty obvious that the world champion successfully solved her opening problems and should be doing fine. Goryachkina needs to find something creative.} 21.Kh2 $1 {White defends the h3 pawn and prepares g2-g4.} ( {The alternative was the gloomy endgame after:} 21.fxe4 Rxf1+ 22.Kxf1 Rf8+ 23.Kg1 Qxd1 24.Rxd1 Bxa4 {where White's chances for a win are close to zero.} ) 21...exf3 ( {Missing the strong:} 21...a5 $1 {The pawn on a4 will be fixed and in order to attack on the opposite win Goryachkina will have to sacrifice it sooner or later.} ) 22.Nxf3 Be8 23.Qe1 Qg6 24.Bf4 Qe4 25.a5 $1 {Another chance will not be given. Now that White had put the queenside in order she can resume her preparation for the e3-e4 break.} 25...h6 26.Nd2 Qh7 {Not the most accurate. From here on Ju's game will become more and more difficult to hold.} ( 26...Qc2 {was not accurate on the account of:} 27.e4 $1 ) ( {However, good was:} 26...Qd3 {when Black should not fear:} 27.e4 {due to the idea:} 27...Bh5 $1 28.exd5 Be2 29.Rf2 Rxf4 $1 30.Rxe2 ( 30.Rxf4 $2 Bd6 ) 30...Bh4 {and Black is in control!} ) 27.e4 $1 {Now it becomes unpleasant for Black.} 27...dxe4 ( {Once more, good was to defend the e6 spot with:} 27...Qg6 $1 28.exd5 {and apply the same idea as in the above-mentioned line:} 28...Rxf4 $1 29.Rxf4 Bd6 ) 28.Be5 ( {White would be better in the endgame after:} 28.Qg3 $1 Qg6 29.Qxg6 Bxg6 30.Nxc4 ) 28...Rc8 {Nerves, nerves! Black is returning the favour.} ( 28...Rxf1 {was better, when:} 29.Qxf1 ( {Or:} 29.Nxf1 Qg6 30.Nd2 Bc6 ) 29...e3 30.Nxc4 Bb5 {would lead to a much better version of the game for Black.} ) 29.Rxf8+ Bxf8 30.Qe2 $1 {Very strong. The Russian player is heading to the more important pawn on c4.} ( {Less good were both:} 30.Nxe4 Bc6 ) ( {And:} 30.Qxe4 Qxe4 31.Nxe4 Bc6 {in both cases with excellent chances for Black to hold.} ) 30...e3 {Ju practically has no useful move.} ( 30...Bc6 {is met with:} 31.Nxc4 Bb5 32.b3 ) ( {Still:} 30...Bb5 $1 31.Nxe4 Bc6 32.Ng3 Bd5 {might have been Black's best chance.} ) 31.Nxc4 Bb5 32.b3 {Now the e3 pawn is doomed.} 32...Qe4 ( {If:} 32...Qg6 33.Rf1 ) 33.Rf1 Qc6 34.Qxe3 Qe8 {A sad necessity.} ( {Black will get under mating attack in case of a pawn recapture:} 34...Bxc4 35.bxc4 Qxc4 36.Qf3 Qxc3 ( {After:} 36...Kh7 37.Qf7 {would likely transpose.} ) 37.Qf7+ Kh7 ( {If:} 37...Kh8 38.Qxb7 {with the threats of Rf1xf8+! and Rf1-f7 would be crushing for Black.} ) 38.Rf6 $3 {Intending Be5-f4 and Rf6xh6 and Black is helpless. Say:} 38...Qxa5 39.Qg6+ Kg8 40.Rf7 {with unstoppable mate.} ) 35.Qe2 Qg6 36.Rf3 {Goryachkina won a pawn and is now accurately converting it. First she reaches the time-control securely.} 36...Kh7 37.Qf2 Bc6 38.Rg3 ( {There is always a chance to go wrong when under tremendous pressure:} 38.Rxf8 $4 Rxf8 39.Qxf8 Qxg2# ) 38...Qf5 39.Qe2 {The simplest. With the queens on White's attack is running by itself as Black cannot effectively use all her pieces into the defense.} ( {The endgame should be also won for the first player after:} 39.Qxf5+ exf5 40.Bd6 ) 39...Rd8 40.Ne3 Qf7 41.Qd3+ ( {There was also the brilliancy:} 41.d5 $3 exd5 42.Qd3+ Kg8 43.Ng4 $1 {with mating attack. But this was not needed at all.} ) 41...g6 42.Rg4 ( 42.Ng4 Be7 {still holds for Black.} ) 42...Bg7 ( {More resilient was:} 42...Be7 43.Rf4 Qg8 ) 43.Bxg7 {With the swap of this defender Black will never be able to secure her king.} 43...Kxg7 ( {Or:} 43...Qxg7 44.Rg3 ) 44.Nc4 Bb5 45.Qg3 Bxc4 46.bxc4 ( {Instantly winning was:} 46.Qe5+ Qf6 47.Qc7+ {and Goryachkina will come back to this idea a bit later.} ) 46...Rd7 47.Re4 Qf6 48.Qe3 Rd6 49.c5 ( {Here too:} 49.Rf4 Qg5 ( 49...Qe7 50.Qe5+ ) 50.h4 $1 Qh5 51.Qe4 {was winning fast for White.} ) 49...Rc6 50.Kg1 Qf5 51.Rf4 Qg5 52.h4 $1 {Finally, Goryachkina accurately calculates the forcing lines and levels the score.} 52...Qe7 ( {As if:} 52...Qh5 53.g4 $1 Qxh4 ( 53...Qd5 54.c4 $1 ) 54.Qe5+ Kg8 55.Qb8+ {leads to mate.} ) 53.Qe5+ Kg8 54.Rf6 Kh7 55.h5 gxh5 56.Qf4 e5 57.Qxh6+ Kg8 58.Qg6+ Kh8 59.Qxh5+ Kg8 60.Qg5+ {A grand battle! Goryachkina levelled the score with this final effort and will have another chance to become the new Women Champion in the rapid, and maybe the blitz?} 1-0